Normal view
MARC view
- خان، صديق حسن ، تقديم وتحقيق وتعليق: أحمد حجازي السقا ، مراجعة: محمود مصطفى بدوي
Entry Personal Name
001 - CONTROL NUMBER
- control field: 20308
003 - CONTROL NUMBER IDENTIFIER
- control field: JO-AjAnu
005 - DATE AND TIME OF LATEST TRANSACTION
- control field: 20230606073532.0
008 - FIXED-LENGTH DATA ELEMENTS
- fixed length control field: 230606|| aca||aabn | a|a d
040 ## - CATALOGING SOURCE
- Original cataloging agency: JO-AjAnu
- Transcribing agency: JO-AjAnu
100 ## - HEADING--PERSONAL NAME
- Personal name: خان، صديق حسن ، تقديم وتحقيق وتعليق: أحمد حجازي السقا ، مراجعة: محمود مصطفى بدوي
670 ## - SOURCE DATA FOUND
- Source citation: Work cat.: (JO-AjAnu)10428: خان، صديق حسن ، تقديم وتحقيق وتعليق: أحمد حجازي السقا ، مراجعة: محمود مصطفى بدوي, author, يقظة أولي الإعتبار مما ورد في ذكر النار وأصحاب النار